| 000 | 00658nam a2200145Ia 4500 | ||
|---|---|---|---|
| 008 | 100415s9999 xx 000 0 und d | ||
| 082 |
_b22485 _a598.2(54) |
||
| 100 | _aRASMUSSEN, PAMELA; ANDERTON, J | ||
| 245 | _aBirds of South Asia : the Ripley guide Volume 2 - attributes and status ( Purchased for Programmes Dept.) | ||
| 260 |
_aWASHINGTON _c2005 _bSMITHONIAN INSTITUTION PRESS |
||
| 365 | _b0 | ||
| 630 | _aBirds of South Asia : the Ripley guide Volume 2 - attributes and status ( Purchased for Programmes Dept.) | ||
| 730 | _aBirds of South Asia : the Ripley guide Volume 2 - attributes and status ( Purchased for Programmes Dept.) | ||
| 942 | _cBOOK | ||
| 999 |
_c605367 _d605364 |
||